[Event "CRI-ch (Women)"]
[Site "San Jose"]
[Date "2024.02.18"]
[Round "9"]
[White "Salazar Delgado, Aylin Naomi"]
[Black "Bogantes Robleto, Karina"]
[Result "1-0"]
[WhiteElo "1309"]
[BlackElo "1716"]
[PlyCount "145"]
[EventDate "2024.02.03"]
[EventType "swiss"]
[EventRounds "9"]
[EventCountry "CRI"]
[SourceTitle "CB08_2024"]
[SourceDate "2024.02.21"]
[SourceVersion "1"]
[SourceVersionDate "2024.02.21"]
[SourceQuality "1"]

1. d4 d5 2. Nf3 Nf6 3. e3 c5 4. b3 Nc6 5. Bb2 Bg4 6. Be2 e6 7. Nbd2 Be7 8. h3 Bh5 9. 0-0 0-0 10. Ne5 Bxe2 11. Qxe2 Nxe5 12. dxe5 Nd7 13. f4 Qc7 14. Rfd1 Nb6 15. c4 Rfd8 16. Rac1 a5 17. a4 Qc6 18. Qf3 dxc4 19. Qxc6 bxc6 20. Nxc4 Nxc4 21. Rxd8+ Rxd8 22. Rxc4 Rd3 23. Rc3 Rd1+ 24. Kh2 h5 25. Ba3 Rb1 26. Bc1 Kh7 27. Kg3 Ra1 28. Rc2 f5 29. Kf3 Rb1 30. g3 Rxb3 31. Bd2 Ra3 32. Bxa5 Rxa4 33. Bb6 c4 34. Bd4 c5 35. Bc3 Ra3 36. Bd2 Ra4 37. Bc3 Kg6 38. e4 Kf7 39. exf5 exf5 40. g4 hxg4+ 41. hxg4 Ke6 42. g5 Ra3 43. Ke2 Kd5 44. Ke3 Rb3 45. Rd2+ Ke6 46. Rc2 Bd8 47. Ke2 Ra3 48. Bb2 Rh3 49. Kd1 Rh1+ 50. Kd2 Rh2+ 51. Kc3 Rxc2+ 52. Kxc2 g6 53. Bc3 Kd5 54. Kd2 Be7 55. Ke3 Bd8 56. Bd2 c3 57. Bxc3 Kc4 58. Kd2 Kb3 59. e6 c4 60. Bf6 Ba5+ 61. Kc1 c3 62. Bxc3 Kxc3 63. e7 Kd3 64. e8Q Bd2+ 65. Kb1 Bxf4 66. Qxg6 Ke4 67. Qe6+ Be5 68. g6 Kf4 69. Qxe5+ Kxe5 70. g7 f4 71. g8Q f3 72. Qg3+ Ke4 73. Qf2 1-0

[Event "Iberoamerican-ch 9th"]
[Site "Panama City"]
[Date "2023.11.27"]
[Round "4"]
[White "Frias Acosta, Adrian Alexander"]
[Black "Bogantes Robleto, Karina"]
[Result "0-1"]
[WhiteElo "1474"]
[BlackElo "1739"]
[PlyCount "66"]
[EventDate "2023.11.25"]
[EventType "swiss"]
[EventRounds "9"]
[EventCountry "PAN"]
[SourceTitle "CB49_2023"]
[SourceDate "2023.12.06"]
[SourceVersion "1"]
[SourceVersionDate "2023.12.06"]
[SourceQuality "1"]

1. e4 c5 2. Nf3 Nc6 3. d4 cxd4 4. Nxd4 g6 5. c4 Bg7 6. Be3 Nf6 7. Nc3 0-0 8. Be2 d6 9. Qd2 Nxd4 10. Bxd4 Bd7 11. 0-0 Bc6 12. f3 a5 13. a4 Nd7 14. Bxg7 Kxg7 15. Nb5 Qb6+ 16. Kh1 Rfc8 17. b4 axb4 18. Qxb4 Qe3 19. Qb2+ Kg8 20. Ra3 Qc5 21. Rfa1 h5 22. Nc3 Qe5 23. Qd2 Nc5 24. a5 Kg7 25. Nd5 Bxd5 26. cxd5 Nb3 27. Qd1 Nxa1 28. Rxa1 Rc5 29. Qe1 Rac8 30. Rb1 Qc3 31. Qf2 Qd2 32. Kg1 Rc1+ 33. Rxc1 Rxc1+ 0-1

[Event "Caribbean-ch (Women)"]
[Site "Carolina"]
[Date "2023.10.27"]
[Round "4"]
[White "Bogantes Robleto, Karina"]
[Black "Wilson, Hannah"]
[Result "1/2-1/2"]
[WhiteElo "1739"]
[BlackElo "1660"]
[PlyCount "73"]
[EventDate "2023.10.25"]
[EventType "swiss"]
[EventRounds "9"]
[EventCountry "PUR"]
[SourceTitle "CB48_2023"]
[SourceDate "2023.11.29"]
[SourceVersion "1"]
[SourceVersionDate "2023.11.29"]
[SourceQuality "1"]

1. d4 d5 2. c4 c6 3. Nf3 Nf6 4. e3 Bf5 5. cxd5 cxd5 6. Qb3 Qc7 7. Bd2 Nc6 8. Bb5 a6 9. Bxc6+ bxc6 10. Bb4 a5 11. Ba3 Rb8 12. Qa4 Bd3 13. Nc3 g6 14. Qd1 Ba6 15. Ne5 Nd7 16. Nxd7 Qxd7 17. Qf3 Bg7 18. b3 0-0 19. Ne2 Rfe8 20. 0-0 e5 21. Rfe1 Bxe2 22. Rxe2 exd4 23. exd4 Rxe2 24. Qxe2 Bxd4 25. Rc1 Re8 26. Qd3 Qe6 27. h3 Qf6 28. Qd2 Bb6 29. Bc5 Bc7 30. Re1 Rxe1+ 31. Qxe1 Qe5 32. Qxe5 Bxe5 33. Kf1 f5 34. Ke2 Kf7 35. Kd3 Ke6 36. Bb6 Kd6 37. Bxa5 1/2-1/2

[Event "CRI qual National (Women)"]
[Site "San Jose"]
[Date "2018.04.08"]
[Round "5"]
[White "Salas Torres, Pamela"]
[Black "Bogantes Robleto, Karina"]
[Result "1-0"]
[WhiteElo "1724"]
[BlackElo "1650"]
[PlyCount "81"]
[EventDate "2018.04.05"]
[EventType "tourn"]
[EventRounds "6"]
[EventCountry "CRI"]
[SourceTitle "EXT 2019"]
[Source "ChessBase"]
[SourceDate "2018.10.10"]
[SourceVersion "1"]
[SourceVersionDate "2018.10.10"]
[SourceQuality "1"]

1. d4 Nf6 2. c4 g6 3. Nc3 d5 4. Bf4 Bg7 5. c5 c6 6. h3 0-0 7. e3 Qa5 8. Qa4 Qxa4 9. Nxa4 Nfd7 10. Nf3 Re8 11. Bd3 e5 12. dxe5 Nxe5 13. Nxe5 Bxe5 14. Bxe5 Rxe5 15. 0-0 f5 16. Rfc1 Be6 17. Nc3 Nd7 18. Ne2 Bf7 19. Nd4 Nf8 20. a3 Ne6 21. Nf3 Re4 22. Bxe4 dxe4 23. Ne5 Be8 24. b4 Nc7 25. Nc4 Rb8 26. Nd6 Nb5 27. Nxe8 Rxe8 28. Rd1 Re7 29. Rd8+ Kf7 30. Rad1 Ke6 31. a4 Nc3 32. R1d6+ Kf7 33. R6d7 Nxa4 34. Rxe7+ Kxe7 35. Rh8 Ke6 36. Rxh7 Kd5 37. Rxb7 Kc4 38. h4 a6 39. Rb6 a5 40. bxa5 Kxc5 41. Rb8 1-0

[Event "Sants Hostafrancs op-C 18th"]
[Site "Barcelona"]
[Date "2016.08.25"]
[Round "7"]
[White "Monteagudo Aguilera, Maximo"]
[Black "Bogantes Robleto, Karina"]
[Result "0-1"]
[WhiteElo "1759"]
[BlackElo "1599"]
[PlyCount "78"]
[EventDate "2016.08.19"]
[EventType "swiss"]
[EventRounds "10"]
[EventCountry "ESP"]
[SourceTitle "EXT 2019"]
[Source "ChessBase"]
[SourceDate "2018.10.10"]
[SourceVersion "1"]
[SourceVersionDate "2018.10.10"]
[SourceQuality "1"]

1. e4 c5 2. Nf3 Nc6 3. d4 cxd4 4. Nxd4 g6 5. Bc4 Bg7 6. Be3 Nf6 7. f3 0-0 8. Nc3 Qb6 9. Bb3 Nxe4 10. fxe4 Bxd4 11. Bxd4 Qxd4 12. Qf3 Ne5 13. Qe2 d6 14. h3 Bd7 15. Rd1 Qc5 16. Nd5 Rfe8 17. Rf1 Rac8 18. Qd2 Bb5 19. Qh6 Bxf1 20. Kxf1 Nc4 21. Rd3 Qb5 22. Kg1 Ne5 23. Rg3 Qc5+ 24. Kh1 b5 25. Qg5 Qf2 26. h4 h6 27. Qe3 Qxe3 28. Rxe3 Kg7 29. Rg3 Nc4 30. h5 Nd2 31. hxg6 fxg6 32. Nf4 g5 33. Ne6+ Kf6 34. Bd5 Rxc2 35. Ra3 Rxb2 36. Rxa7 Rc8 37. Nd4 Ke5 38. Nc6+ Kf4 39. Rxe7 Kg3 0-1

[Event "Sants Hostafrancs op-C 18th"]
[Site "Barcelona"]
[Date "2016.08.22"]
[Round "4"]
[White "Bogantes Robleto, Karina"]
[Black "Baroukh, Leon"]
[Result "0-1"]
[WhiteElo "1599"]
[BlackElo "1720"]
[PlyCount "100"]
[EventDate "2016.08.19"]
[EventType "swiss"]
[EventRounds "10"]
[EventCountry "ESP"]
[SourceTitle "EXT 2019"]
[Source "ChessBase"]
[SourceDate "2018.10.10"]
[SourceVersion "1"]
[SourceVersionDate "2018.10.10"]
[SourceQuality "1"]

1. d4 d5 2. Bf4 e6 3. Nf3 Nc6 4. e3 a6 5. c3 Bd6 6. Bg3 Bxg3 7. hxg3 Nf6 8. Bd3 h6 9. Nbd2 Qe7 10. Qe2 b5 11. a3 e5 12. dxe5 Nxe5 13. Nxe5 Qxe5 14. Nf3 Qd6 15. e4 Qe7 16. exd5 Qxe2+ 17. Bxe2 Nxd5 18. c4 bxc4 19. Bxc4 Bb7 20. 0-0 0-0 21. Rac1 c6 22. Rfd1 Rfe8 23. Kf1 Rad8 24. Bb3 Re7 25. Nd4 Rc7 26. Rc5 Nf6 27. Nf3 Rxd1+ 28. Bxd1 Ne4 29. Re5 Nd6 30. Bb3 c5 31. Bd5 c4 32. Bxb7 Rxb7 33. Re2 f6 34. Rc2 Kf7 35. Ke2 Ke6 36. Ke3 Kd5 37. Kd2 g5 38. Ng1 Ne4+ 39. Kc1 g4 40. Ne2 Kc5 41. b4+ Kd5 42. Nc3+ Nxc3 43. Rxc3 Re7 44. Re3 Rxe3 45. fxe3 c3 46. a4 Kc4 47. b5 axb5 48. axb5 Kxb5 49. Kc2 Kc4 50. e4 h5 0-1

[Event "Managua Hurtado Memorial 15th"]
[Site "Managua"]
[Date "2015.12.30"]
[Round "8"]
[White "Sandoval Gutierrez, William"]
[Black "Bogantes Robleto, Karina"]
[Result "1-0"]
[WhiteElo "1726"]
[BlackElo "1664"]
[PlyCount "33"]
[EventDate "2015.12.26"]
[EventType "swiss"]
[EventRounds "9"]
[EventCountry "NCA"]
[SourceTitle "CBM 170 Extra"]
[Source "ChessBase"]
[SourceDate "2016.02.25"]
[SourceVersion "1"]
[SourceVersionDate "2016.02.25"]
[SourceQuality "1"]

1. d4 Nf6 2. Nf3 d5 3. e3 Bf5 4. c4 c6 5. Qb3 Qc7 6. Nc3 e6 7. Bd2 Be7 8. Rc1 0-0 9. cxd5 exd5 10. Nxd5 Nxd5 11. Qxd5 Be6 12. Qh5 Bxa2 13. Ng5 h6 14. h4 hxg5 15. hxg5 f6 16. g6 Rd8 17. Qh8# 1-0

[Event "CRI-ch (Women)"]
[Site "San Jose"]
[Date "2015.08.29"]
[Round "3"]
[White "Bogantes Robleto, Karina"]
[Black "Ramirez Almeciga, Yenny Melissa"]
[Result "0-1"]
[WhiteElo "1661"]
[BlackElo "1615"]
[PlyCount "132"]
[EventDate "2015.08.26"]
[EventType "tourn"]
[EventRounds "9"]
[EventCountry "CRI"]
[SourceTitle "EXT 2016"]
[Source "ChessBase"]
[SourceDate "2015.10.08"]
[SourceVersion "1"]
[SourceVersionDate "2015.10.08"]
[SourceQuality "1"]

1. e4 e5 2. Nf3 Nc6 3. Bc4 Nf6 4. Ng5 d5 5. exd5 Na5 6. Bb5+ c6 7. dxc6 bxc6 8. Bd3 h6 9. Ne4 Nd5 10. 0-0 Be7 11. Ng3 Nb7 12. Be2 Nd6 13. d3 0-0 14. Na3 Rb8 15. Ne4 Re8 16. Nxd6 Bxd6 17. Nc4 Bc7 18. Bf3 Bd7 19. Re1 Qh4 20. h3 Qf6 21. Be4 Bf5 22. Qf3 Bxe4 23. Qxf6 Nxf6 24. dxe4 Red8 25. Bd2 Rd4 26. b3 Rxe4 27. f3 Rxe1+ 28. Rxe1 Nd7 29. Bc3 f6 30. Ne3 Bb6 31. Kf1 Nc5 32. Nc4 Bc7 33. Bb2 Re8 34. Ba3 Ne6 35. Bb2 Rd8 36. a4 Kf7 37. Bc3 Kg6 38. g3 Nd4 39. Bxd4 exd4 40. f4 d3 41. cxd3 Rxd3 42. Re3 Rxe3 43. Nxe3 h5 44. Ke2 h4 45. f5+ Kg5 46. g4 Kf4 47. Nd1 Kg3 48. Nf2 Bb6 49. Ne4+ Kxh3 50. g5 Kg4 51. gxf6 gxf6 52. Nxf6+ Kxf5 53. Nd7 Kf4 54. Nxb6 axb6 55. Kf2 Ke4 56. b4 Kd4 57. a5 bxa5 58. bxa5 Kc5 59. Kg2 Kb5 60. a6 Kxa6 61. Kh3 Kb5 62. Kxh4 Kb4 63. Kg3 c5 64. Kf2 c4 65. Ke2 Kb3 66. Kd1 Kb2 0-1

[Event "CRI-ch (Women)"]
[Site "San Jose"]
[Date "2015.08.27"]
[Round "2"]
[White "Morera Campos, Yanori Maria"]
[Black "Bogantes Robleto, Karina"]
[Result "1/2-1/2"]
[WhiteElo "1801"]
[BlackElo "1661"]
[PlyCount "111"]
[EventDate "2015.08.26"]
[EventType "tourn"]
[EventRounds "9"]
[EventCountry "CRI"]
[SourceTitle "EXT 2016"]
[Source "ChessBase"]
[SourceDate "2015.10.08"]
[SourceVersion "1"]
[SourceVersionDate "2015.10.08"]
[SourceQuality "1"]

1. d4 Nf6 2. Nc3 d5 3. Bg5 Bf5 4. e3 e6 5. Bd3 Bxd3 6. cxd3 Be7 7. Nf3 c6 8. 0-0 Nbd7 9. Rb1 a5 10. a3 0-0 11. b4 axb4 12. axb4 Qb6 13. Na4 Qb5 14. Nc5 Rfe8 15. Ra1 Rxa1 16. Qxa1 Bxc5 17. bxc5 Qxd3 18. Qa7 Qb5 19. h3 Ne4 20. Bh4 e5 21. Qa1 exd4 22. exd4 Rb8 23. Rb1 Qd3 24. Rd1 Qa6 25. Qb2 b6 26. Rb1 b5 27. Ra1 Qb7 28. Qb4 Ra8 29. Ra5 f6 30. Ne1 Nf8 31. f3 Ng5 32. Bxg5 fxg5 33. Nd3 Rxa5 34. Qxa5 Ne6 35. Qb4 Qa7 36. Qb2 Qa4 37. Nb4 Qd1+ 38. Kf2 Qxd4+ 39. Qxd4 Nxd4 40. Ke3 Nf5+ 41. Kd3 Ne7 42. Kd4 Kf7 43. Ke5 h5 44. Kd6 h4 45. Nxc6 Nxc6 46. Kxc6 b4 47. Kxd5 b3 48. c6 b2 49. c7 b1Q 50. c8Q Qd3+ 51. Ke5 Qe3+ 52. Kd5 Qd2+ 53. Ke5 Qxg2 54. Qe6+ Kf8 55. Qc8+ Kf7 56. Qe6+ 1/2-1/2